Online Catalogue and eLibrary

Selected writings of Regi Siriwardena / (Record no. 313)

MARC details
000 -LEADER
fixed length control field 00526cam a2200181 a 4500
001 - CONTROL NUMBER
control field 14433474
005 - DATE AND TIME OF LATEST TRANSACTION
control field 20240206054628.0
008 - FIXED-LENGTH DATA ELEMENTS--GENERAL INFORMATION
fixed length control field 060630m20052006ce b 000 0 eng
020 ## - INTERNATIONAL STANDARD BOOK NUMBER
ISBN 9555801036
040 ## - CATALOGING SOURCE (பட்டியலாக்க மூலம்)
Original cataloging agency DLC
Transcribing agency DLC
082 ## - DDC Classification
DDC Edition Number 22
Class No. 306.2.
Item Number - Author Mark CAN.
100 1# - MAIN ENTRY--PERSONAL NAME
Personal name Siriwardena, Regi.
245 10 - TITLE STATEMENT
Title Selected writings of Regi Siriwardena /
Statement of responsibility, etc. edited by A.J. Canagaratna.
260 ## - PUBLICATION, DISTRIBUTION, ETC.
Place of publication, distribution, etc. Colombo :
Name of publisher, distributor, etc. International Centre for Ethnic Studies,
Date of publication, distribution, etc. 2005-2006.
300 ## - PHYSICAL DESCRIPTION
Extent (e.g. Volumes, Pages etc.) XIV, 618 p.,
700 1# - ADDED ENTRY--PERSONAL NAME
Personal name Canagaratna, A. J.
Relator term (Role) Editor
942 ## - Koha item type (Biblio)
Koha item type Books in Stacks (Lending)
Holdings
Lost status Damaged status Collection code Home library Current library Date acquired Full call number Accession Number Item type
    Lending WERC Library WERC Library 02/06/2024 306.2. CAN. 5538 Books in Stacks (Lending)

© WERC Library